[Event "IV Closed GM BCC 2021"]
[Site "Barcelona"]
[Date "2021.04.07"]
[Round "3.5"]
[White "Hernandez, Cristian Andres"]
[Black "Perez Mitjans, Orelvis"]
[Result "0-1"]
[WhiteElo "2357"]
[BlackElo "2412"]
[Annotator "TA"]
[PlyCount "78"]
[EventDate "2021.04.05"]
[EventType "tourn"]
[EventCountry "ESP"]
[SourceTitle "playchess.com"]
[Source "ChessBase"]
[SourceQuality "1"]

{[%evp 19,78,19,32,0,0,0,0,0,0,0,-16,-7,12,0,0,0,0,0,0,0,8,0,0,0,0,0,57,46,67,70,58,-133,-128,-122,-131,-195,-150,-316,-306,-814,-786,-1639,-1493,-2560,-2688,-1926,-1829,-1612,-1453,-1296,-1291,-29978,-29979,-29956,-872,-5808,-5716,-1529,-937,-5310,-5228]} 1. d4 d5 2. c4 Nc6 3. Nf3 Bg4 4. cxd5 Bxf3 5. gxf3 Qxd5 6. e3 e5 7. Nc3 Bb4 8. Bd2 Bxc3 9. bxc3 Qd6 10. Rb1 b6 11. f4 {D07: Queen's Gambit: Chigorin Defence.} exf4 12. e4 Nge7 13. Qf3 {The position is equal.} Qe6 14. Qxf4 O-O {[#]} 15. Bg2 $146 ({Predecessor:} 15. Rb2 Rae8 16. Bg2 Ng6 17. Qg5 Na5 18. O-O Nc4 19. Rc2 f6 20. Qg3 Na3 21. Rb2 Nc4 22. Rc2 Na3 23. Rb2 Nc4 24. Rc2 {½-½ (24) Muzyka,Y (2488)-Ruefenacht,M (2378) ICCF email 2005}) 15... Ng6 16. Qg5 Qxa2 17. O-O h6 18. Qe3 Na5 {And now ...Nc4 would win.} 19. Ra1 Qe6 20. e5 Rad8 21. f4 {Threatens to win with f5.} f5 22. Be1 Ne7 (22... Rd7 $11) 23. Bh4 $14 c6 24. Bxe7 Qxe7 25. Rxa5 $2 bxa5 $17 26. Bxc6 {[#]} Rf6 $3 {[%mdl 512]} 27. Bg2 (27. d5 $17) 27... Rg6 $19 28. Rb1 $2 {This move loses the game for White.} (28. Qd3 $17) 28... a4 {[%cal Ba5a4,Ba4a3,Ba3a2][%mdl 32]} 29. c4 $2 (29. Qd3 Qe6 30. Qc2) 29... a3 30. c5 a2 31. Qb3+ Kh7 32. Qxa2 Rxd4 33. c6 Rxf4 34. Kh1 Qxe5 35. Qc2 Rh4 {[%csl Gh4][%cal Re5h2]} 36. Bf3 {[#]} Qe3 (36... Rb4 $142 $3 {[%mdl 512]} 37. Rg1 Rb2 38. Qxb2 Qxb2 39. Bg2 Qc2 40. c7 Qxc7 41. Rf1 a5 42. Rg1 a4 43. Bf1 a3 44. Rxg6 Kxg6 45. h3 a2 46. Kg2 a1=Q 47. h4 Qc2+ 48. Be2 Qxe2+ 49. Kg3 Qg1+ 50. Kh3 Qgh2#) 37. Rf1 {Black is clearly winning.} Rf4 38. Qd1 Rc4 39. Qd5 Rc1 {[%cal Rc1f1] Weighted Error Value: White=1.10/Black=0.43} 0-1

[Event "IV Closed GM BCC 2021"]
[Site "Barcelona"]
[Date "2021.04.08"]
[Round "4.1"]
[White "Cuenca Jimenez, Jose Fernando"]
[Black "Perez Mitjans, Orelvis"]
[Result "1-0"]
[WhiteElo "2506"]
[BlackElo "2412"]
[Annotator "ChessBase"]
[PlyCount "53"]
[EventDate "2021.04.05"]
[EventType "tourn"]
[EventCountry "ESP"]
[SourceTitle "playchess.com"]
[Source "ChessBase"]
[SourceQuality "1"]
[TimeControl "5400+30"]

1. d4 {[%emt 0:00:09]} Nf6 {[%emt 0:12:12]} 2. c4 {[%emt 0:00:26]} c5 {[%emt 0:00:19]} 3. d5 {[%emt 0:00:17]} e6 {[%emt 0:00:08]} 4. Nc3 {[%emt 0:00:39]} exd5 {[%emt 0:00:07]} 5. cxd5 {[%emt 0:00:06]} g6 {[%emt 0:00:08]} 6. d6 {[%emt 0:00:59]} Bg7 {[%emt 0:00:54]} 7. e4 {[%emt 0:00:38]} O-O {[%emt 0:00:12]} 8. e5 {[%emt 0:00:35]} Ne8 {[%emt 0:04:12]} 9. f4 {[%emt 0:01:04]} Nc6 {[%emt 0:12:40]} 10. Nf3 {[%emt 0:04:12]} f6 {[%emt 0:15:22]} 11. Bc4+ {[%emt 0:01:05]} Kh8 {[%emt 0:00:10]} 12. h4 {[%emt 0:26:51]} fxe5 {[%emt 0:00:24]} 13. h5 {[%emt 0:01:13]} exf4 {[%emt 0:04:28]} 14. Nh4 {[%emt 0:01:51]} Ne5 {[%emt 0:36:37]} 15. Nxg6+ {[%emt 0:02:45]} Nxg6 {[%emt 0:00:04]} 16. hxg6 {[%emt 0:00:04]} h6 {[%emt 0:00:03]} 17. Bf7 {[%emt 0:19:22]} Qg5 {[%emt 0:01:55]} 18. Kf1 {[%emt 0:06:20]} b6 {[%emt 0:01:30]} 19. Rh5 {[%emt 0:01:31]} Qg3 {[%emt 0:04:23]} 20. Ne4 {[%emt 0:16:19]} Ba6+ {[%emt 0:00:07]} 21. Kg1 {[%emt 0:00:02]} Qd3 {[%emt 0:00:12]} 22. Qf3 {[%emt 0:00:41]} Qxf3 {[%emt 0:03:58]} 23. gxf3 {[%emt 0:00:09]} Bb7 {[%emt 0:00:18]} 24. Bxf4 {[%emt 0:00:15]} Bxe4 {[%emt 0:00:12]} 25. fxe4 {[%emt 0:00:28]} Nf6 {[%emt 0:00:03]} 26. Rh4 {[%emt 0:05:51]} Nxe4 {[%emt 0:01:14]} 27. Bxh6 {[%emt 0:00:31]} 1-0

[Event "IV Closed GM BCC 2021"]
[Site "Barcelona"]
[Date "2021.04.08"]
[Round "4.2"]
[White "Narciso Dublan, Marc"]
[Black "Hernandez, Cristian Andres"]
[Result "1-0"]
[WhiteElo "2521"]
[BlackElo "2357"]
[Annotator "RC"]
[PlyCount "113"]
[EventDate "2021.04.05"]
[EventType "tourn"]
[EventCountry "ESP"]
[SourceTitle "playchess.com"]
[Source "ChessBase"]
[SourceQuality "1"]
[TimeControl "5400+30"]

1. e4 {[%emt 0:00:00]} c5 {[%emt 0:00:02]} 2. Be2 {[%emt 0:00:00]} Nc6 {[%emt 0:02:34]} 3. f4 {[%emt 0:00:14]} g6 {[%emt 0:00:40]} 4. Nf3 {[%emt 0:00:15]} d5 {[%emt 0:00:41]} 5. d3 {[%emt 0:00:39]} Nf6 {[%emt 0:00:40]} 6. e5 {[%emt 0:00:29]} Nh5 {[%emt 0:00:32]} 7. O-O {[%emt 0:00:31]} Bh6 {[%emt 0:00:18]} 8. Ne1 {[%emt 0:08:55]} Ng7 {[%emt 0:03:30]} 9. c3 {[%emt 0:05:31]} Ne6 {[%emt 0:09:36]} 10. Na3 {[%emt 0:02:18]} Nc7 {[%emt 0:08:33]} 11. d4 {[%emt 0:09:19]} cxd4 {[%emt 0:04:43]} 12. cxd4 {[%emt 0:00:08]} O-O {[%emt 0:01:47]} 13. Nac2 {[%emt 0:03:08]} f6 {[%emt 0:00:57]} 14. Nd3 {[%emt 0:02:23]} Bf5 {[%emt 0:04:39]} 15. Be3 {[%emt 0:01:41]} Ne6 {[%emt 0:02:46]} 16. Bg4 {[%emt 0:03:35]} fxe5 {[%emt 0:10:12]} 17. Bxf5 {[%emt 0:03:15]} Rxf5 {[%emt 0:00:42]} 18. dxe5 {[%emt 0:00:14]} d4 {[%emt 0:07:09]} 19. Bd2 {[%emt 0:01:26]} Qd5 {[%emt 0:05:03]} 20. Qf3 {[%emt 0:09:03]} Qxf3 {[%emt 0:02:46]} 21. Rxf3 {[%emt 0:00:07]} b6 {[%emt 0:19:36]} 22. Rc1 {[%emt 0:10:56]} Raf8 {[%emt 0:01:29]} 23. Nce1 {[%emt 0:05:57]} Ncd8 {[%emt 0:08:27]} 24. g3 {[%emt 0:03:01]} R5f7 {[%emt 0:00:04]} 25. h4 {[%emt 0:12:42]} Bg7 {[%emt 0:00:04]} 26. Rf2 {[%emt 0:08:02]} h6 {[%emt 0:00:10]} 27. Nf3 {[%emt 0:01:03]} g5 {[%emt 0:00:49]} 28. hxg5 hxg5 {[%emt 0:00:04]} 29. Rh2 {[%emt 0:02:19]} gxf4 {[%emt 0:00:24]} 30. gxf4 {[%emt 0:00:07]} Rf5 {[%emt 0:02:39]} 31. b4 {[%emt 0:04:26]} Kf7 {[%emt 0:00:59]} 32. Kf2 {[%emt 0:00:42]} Ke8 {[%emt 0:01:08]} 33. Rg1 {[%emt 0:01:07]} Kd7 {[%emt 0:00:24]} 34. Ke2 {[%emt 0:01:22]} Rh8 {[%emt 0:01:19]} 35. Rxh8 {[%emt 0:00:30]} Bxh8 {[%emt 0:00:04]} 36. Rg4 {[%emt 0:01:22]} Nf7 {[%emt 0:01:10]} 37. Nf2 {[%emt 0:01:05]} Nh6 {[%emt 0:00:31]} 38. Rh4 {[%emt 0:00:26]} Bg7 {[%emt 0:00:15]} 39. Ne4 {[%emt 0:00:28]} Rf8 {[%emt 0:00:24]} 40. Ng3 {[%emt 0:00:19]} a5 {[%emt 0:00:36]} 41. a3 {[%emt 0:00:29]} axb4 {[%emt 0:00:03]} 42. axb4 {[%emt 0:00:02]} Kc6 {[%emt 0:00:27]} 43. Kd3 {[%emt 0:00:39]} Kd5 {[%emt 0:00:04]} 44. Ne1 {[%emt 0:00:43]} Ra8 {[%emt 0:00:27]} 45. Nc2 {[%emt 0:00:01]} Rf8 {[%emt 0:00:25]} 46. Na3 {[%emt 0:01:23]} Rg8 {[%emt 0:01:47]} 47. Ne2 {[%emt 0:00:32]} Nf5 {[%emt 0:00:15]} 48. Rh5 {[%emt 0:00:12]} Rf8 {[%emt 0:00:26]} 49. Nc4 {[%emt 0:00:25]} b5 {[%emt 0:00:24]} 50. Na3 {[%emt 0:00:29]} Nc7 {[%emt 0:00:23]} 51. Rg5 {[%emt 0:00:43]} e6 {[%emt 0:01:43]} 52. Ng3 {[%emt 0:00:40]} Bh6 {[%emt 0:00:25]} 53. Rg6 {[%emt 0:00:35]} Nxg3 {[%emt 0:00:19]} 54. Rxh6 {[%emt 0:00:05]} Nf5 {[%emt 0:00:41]} 55. Rh7 {[%emt 0:00:39]} Rg8 {[%emt 0:00:11]} 56. Be1 {[%emt 0:00:35]} Rg1 {[%emt 0:00:34]} 57. Rxc7 {[%emt 0:00:09]} 1-0

[Event "IV Closed GM BCC 2021"]
[Site "Barcelona"]
[Date "2021.04.08"]
[Round "4.3"]
[White "Valenzuela Gomez, Fernando"]
[Black "Maurizzi, Marc Andria"]
[Result "1/2-1/2"]
[WhiteElo "2382"]
[BlackElo "2479"]
[Annotator "TA"]
[PlyCount "98"]
[EventDate "2021.04.05"]
[EventType "tourn"]
[EventCountry "ESP"]
[SourceTitle "playchess.com"]
[Source "ChessBase"]
[SourceQuality "1"]

{[%evp 12,98,20,12,21,7,4,0,7,0,2,0,6,0,0,0,0,0,0,0,0,-4,-6,-16,0,0,0,-41,-15,-20,0,0,0,0,0,0,0,0,0,0,0,0,12,12,15,15,19,22,32,28,32,39,26,41,43,18,18,10,17,0,0,-38,-52,-52,-38,-72,0,0,0,0,0,0,0,0,0,0,0,0,0,0,0,0,0,0,0,0,0,0,0]} 1. e4 e5 2. Nf3 Nc6 3. Bc4 Bc5 4. c3 Nf6 5. d3 O-O 6. O-O d6 7. Re1 $1 {[%mdl 4] is currently scoring better than 7.Bb3.} a5 {C54: Giuoco Piano: 4 c3 Nf6, main lines with 5 d4 and 5 d3.} 8. h3 h6 9. Nbd2 {[%cal Bb1d2,Bd2f1,Bf1e3][%mdl 32]} Be6 10. Bb5 Qb8 11. Nf1 Qa7 12. Be3 Bxe3 13. Nxe3 Ne7 14. Ba4 Ng6 15. Bc2 a4 16. d4 {[#]} b5 $146 ({Predecessor:} 16... Rfe8 17. Nf5 b5 18. Qd2 Rad8 19. b3 axb3 20. axb3 Qb6 21. Ng3 c6 22. Qe3 Ra8 23. b4 Qc7 24. Qd2 Rad8 25. Qe3 Ra8 26. Qd2 Rad8 27. Qe3 {½-½ (27) Dominguez Perez,L (2739)-Nakamura,H (2777) Saint Louis 2018}) 17. b4 axb3 18. axb3 Qb7 19. d5 Bd7 20. Qd2 Rxa1 21. Rxa1 Ra8 22. Qe1 Ra7 23. Kh2 Qa8 24. Rxa7 Qxa7 25. g3 c6 26. c4 cxd5 27. cxd5 Qc7 28. Bd3 Ne7 {[%cal Bg6e7,Be7c8,Bc8b6][%mdl 32]} 29. Qa1 Nc8 30. Kg2 g6 31. Ng1 Kg7 32. Ne2 h5 33. b4 Nb6 34. Qa5 Qb7 {[%cal Rb6d5]} 35. Nc3 Bxh3+ {[%mdl 64] Decoy} 36. Kxh3 Qc8+ {[%mdl 64] Double Attack} 37. Kg2 Qxc3 38. Qxb5 {[#]} ({Avoid the trap} 38. Bxb5 $2 Qd4 $19) 38... h4 39. gxh4 $11 {The position is equal.} ({Wrong is} 39. Qxb6 $2 Qxd3 40. gxh4 Qxe4+ 41. Kg1 Qf4 $19) 39... Nh5 40. Kf3 Nf4 41. Bf1 Qd4 42. Qa5 Nd7 {Threatens to win with ...Nf6.} 43. Qc7 Nf6 44. Qc4 $36 {[%mdl 2048] Qxd4 is the strong threat. White has the initiative.} Qb2 45. b5 Qb1 46. Qc2 Qb4 47. Qc4 Qb1 48. Qc2 Qb4 49. Qc4 Qb1 {Weighted Error Value: White=0.04/Black=0.05} 1/2-1/2

[Event "IV Closed GM BCC 2021"]
[Site "Barcelona"]
[Date "2021.04.08"]
[Round "4.4"]
[White "Barseghyan, Harutyun"]
[Black "Garcia Ramos, Daniel"]
[Result "1-0"]
[WhiteElo "2471"]
[BlackElo "2436"]
[Annotator "TA"]
[PlyCount "127"]
[EventDate "2021.04.05"]
[EventType "tourn"]
[EventCountry "ESP"]
[SourceTitle "playchess.com"]
[Source "ChessBase"]
[SourceQuality "1"]

{[%evp 17,127,18,47,39,53,30,30,40,54,31,30,38,37,48,65,64,75,70,67,41,79,77,80,80,80,79,77,75,81,79,79,79,79,79,79,79,83,79,79,79,79,79,93,91,97,91,91,91,92,92,120,110,152,164,171,150,280,280,278,218,218,218,294,286,232,258,232,195,195,195,195,195,473,469,534,534,344,344,534,534,534,534,863,787,734,658,1783,1773,1715,1490,1776,1719,1690,1431,1951,2059,1955,1900,1848,1848,1681,763,29972,29974,29973,29971,29977,29978,29978,29978,29979,29979]} 1. d4 d5 2. c4 e6 3. Nf3 Nf6 4. g3 Be7 5. Bg2 O-O 6. O-O Nbd7 7. Qc2 c5 8. dxc5 Nxc5 9. Nc3 dxc4 10. Ne5 {E08: Closed Catalan: Main Line: 7 Qc2.} Bd7 11. Nxc4 Rc8 {next ...b5 is good for Black.} 12. Rd1 {White has an edge.} Na4 {[%mdl 64] [#] Decoy} 13. Nxa4 $146 (13. Ne5 {with more complications.} Nxc3 14. bxc3 Rc7 15. c4 Qc8 16. Qb3) ({Predecessor:} 13. Ne5 Nxc3 14. bxc3 Rc7 15. Be3 b6 16. Nxd7 Rxd7 17. Qa4 h6 18. Bd4 Qc7 19. Qb5 {½-½ (41) Flesch,J-Lein,A Ordzhonikidze 1964}) 13... b5 {[%mdl 64] [#] Double Attack} 14. b3 $1 bxc4 15. bxc4 Bxa4 16. Qxa4 Rxc4 {[#]} 17. Qb3 Qc8 18. Be3 Rc3 {[#]} 19. Rdc1 $1 Rxb3 20. Rxc8 Rxe3 21. Rxf8+ Kxf8 22. fxe3 $16 {[%mdl 4096] Endgame KRB-KBN} Bc5 23. Bf3 Bxe3+ 24. Kg2 Ke7 25. a4 {[%cal Ba2a4,Ba4a5][%mdl 32]} Nd7 26. a5 Ne5 27. Rb1 Kf6 28. Rb3 Bc5 29. Rb7 g6 30. Rc7 Bd4 31. Kf1 h5 32. Ke1 Be3 33. Kd1 Kf5 34. Kc2 f6 35. Kc3 Bg1 36. Kd2 Nxf3+ (36... Bxh2 $16 {might work better.} 37. Rxa7 Bxg3) 37. exf3 {KR-KB} g5 38. Rh7 Kg6 39. Re7 Kf5 {[#]} 40. h3 $1 Bc5 41. Rc7 Bd4 42. Rh7 Kg6 43. Rd7 Bc5 44. Kd3 Kf5 $2 (44... f5 {was worth a try.} 45. Ke2 Kf6) 45. Rh7 $18 Kg6 46. Rc7 Bf2 47. g4 hxg4 (47... f5 $142 48. gxh5+ Kxh5) 48. hxg4 f5 49. Rc2 Bg1 {Now ...Kf6 and Black clings on.} 50. Rg2 Bc5 51. Kc4 Bd6 52. Kb5 Kf6 53. Rc2 Bf4 54. Re2 Be5 55. Kc6 Bd4 56. Kd6 e5 57. Kd5 Bc3 58. a6 Bd4 59. Rc2 (59. Re1 $142 fxg4 60. fxg4) 59... fxg4 60. fxg4 {White mates.} Ke7 61. Rc7+ Kf8 62. Ke4 Bf2 63. Rb7 Ke8 64. Rg7 {Weighted Error Value: White=0.05/Black=0.37} 1-0

[Event "IV Closed GM BCC 2021"]
[Site "Barcelona"]
[Date "2021.04.08"]
[Round "4.5"]
[White "Gines Esteo, Pedro Antonio"]
[Black "Ayats Llobera, Gerard"]
[Result "1-0"]
[WhiteElo "2449"]
[BlackElo "2403"]
[Annotator "RC"]
[PlyCount "115"]
[EventDate "2021.04.05"]
[EventType "tourn"]
[EventCountry "ESP"]
[SourceTitle "playchess.com"]
[Source "ChessBase"]
[SourceQuality "1"]
[TimeControl "5400+30"]

1. d4 {[%emt 0:01:21]} d6 {[%emt 0:00:00]} 2. e4 {[%emt 0:00:37]} g6 {[%emt 0:00:08]} 3. Nc3 {[%emt 0:04:44]} Bg7 {[%emt 0:00:09]} 4. Be3 {[%emt 0:00:10]} Nf6 {[%emt 0:00:44]} 5. h3 {[%emt 0:06:40]} O-O {[%emt 0:00:20]} 6. Nf3 {[%emt 0:00:12]} a6 {[%emt 0:04:41]} 7. a4 {[%emt 0:00:59]} Nbd7 {[%emt 0:00:47]} 8. e5 {[%emt 0:15:47]} Ne8 {[%emt 0:01:19]} 9. Bc4 {[%emt 0:00:24]} Nb6 {[%emt 0:06:30]} 10. Bb3 {[%emt 0:01:06]} d5 {[%emt 0:00:49]} 11. a5 {[%emt 0:14:44]} Nc4 {[%emt 0:00:28]} 12. Bxc4 {[%emt 0:00:18]} dxc4 {[%emt 0:00:05]} 13. d5 {[%emt 0:00:06]} f6 {[%emt 0:03:59]} 14. e6 {[%emt 0:02:09]} c6 {[%emt 0:17:09]} 15. dxc6 {[%emt 0:03:15]} Qxd1+ {[%emt 0:22:46]} 16. Rxd1 {[%emt 0:00:07]} bxc6 {[%emt 0:09:47]} 17. Nd4 {[%emt 0:01:19]} Nc7 {[%emt 0:01:57]} 18. Nxc6 {[%emt 0:07:33]} Re8 {[%emt 0:00:01]} 19. O-O {[%emt 0:05:33]} Bxe6 {[%emt 0:02:58]} 20. Bb6 {[%emt 0:00:47]} Rac8 {[%emt 0:16:02]} 21. Rfe1 {[%emt 0:12:53]} Kf7 {[%emt 0:00:01]} 22. Re2 {[%emt 0:01:51]} Nd5 {[%emt 0:05:05]} 23. Nxd5 {[%emt 0:03:21]} Rxc6 {[%emt 0:00:18]} 24. Nb4 {[%emt 0:01:20]} Rd6 {[%emt 0:03:45]} 25. Rxd6 {[%emt 0:00:41]} exd6 {[%emt 0:00:01]} 26. Nxa6 {[%emt 0:00:31]} Bc8 {[%emt 0:02:19]} 27. Rxe8 {[%emt 0:00:13]} Kxe8 {[%emt 0:00:01]} 28. Nb4 {[%emt 0:01:20]} f5 {[%emt 0:00:47]} 29. c3 {[%emt 0:00:10]} Bb7 {[%emt 0:00:30]} 30. f3 {[%emt 0:02:43]} Bh6 {[%emt 0:00:14]} 31. Kf2 {[%emt 0:08:19]} Bc1 {[%emt 0:00:01]} 32. Ke2 {[%emt 0:00:07]} Bxb2 {[%emt 0:00:23]} 33. Kd2 {[%emt 0:01:20]} Kd7 {[%emt 0:00:47]} 34. h4 {[%emt 0:02:48]} f4 {[%emt 0:00:58]} 35. Bg1 {[%emt 0:01:14]} h6 {[%emt 0:00:53]} 36. Bd4 {[%emt 0:00:07]} Ba3 {[%emt 0:00:34]} 37. a6 {[%emt 0:00:36]} Ba8 {[%emt 0:00:10]} 38. Nc2 {[%emt 0:00:57]} Bb2 {[%emt 0:00:40]} 39. Bg7 {[%emt 0:00:20]} h5 {[%emt 0:00:43]} 40. Bh6 {[%emt 0:00:11]} Kc6 {[%emt 0:00:37]} 41. Bxf4 {[%emt 0:00:07]} Kc5 {[%emt 0:00:33]} 42. a7 {[%emt 0:01:11]} Kd5 {[%emt 0:00:30]} 43. Be3 {[%emt 0:00:37]} Kc6 {[%emt 0:00:14]} 44. Bd4 {[%emt 0:00:29]} Kd7 {[%emt 0:00:18]} 45. Ne3 {[%emt 0:00:18]} d5 {[%emt 0:00:01]} 46. Nc2 {[%emt 0:00:21]} Ke6 {[%emt 0:00:33]} 47. g4 {[%emt 0:00:48]} Bb7 {[%emt 0:00:28]} 48. Bc5 {[%emt 0:00:39]} Ke5 {[%emt 0:00:26]} 49. gxh5 {[%emt 0:00:23]} gxh5 {[%emt 0:00:02]} 50. Nd4 {[%emt 0:00:08]} Ba1 {[%emt 0:01:51]} 51. Bb4 {[%emt 0:00:15]} Ba8 {[%emt 0:00:31]} 52. Kc2 {[%emt 0:00:40]} Kf4 {[%emt 0:00:28]} 53. Kb1 {[%emt 0:00:08]} Kg3 {[%emt 0:00:30]} 54. Kxa1 {[%emt 0:00:16]} Kxh4 {[%emt 0:00:02]} 55. f4 {[%emt 0:00:12]} Kg4 {[%emt 0:00:20]} 56. f5 {[%emt 0:00:08]} Kg5 {[%emt 0:00:04]} 57. Be7+ {[%emt 0:00:08]} Kh6 {[%emt 0:00:04]} 58. Kb2 {[%emt 0:00:10]} 1-0

[Event "IV Closed GM BCC 2021"]
[Site "Barcelona"]
[Date "2021.04.09"]
[Round "5.1"]
[White "Ayats Llobera, Gerard"]
[Black "Cuenca Jimenez, Jose Fernando"]
[Result "1/2-1/2"]
[WhiteElo "2403"]
[BlackElo "2506"]
[Annotator "TA"]
[PlyCount "124"]
[EventDate "2021.04.05"]
[EventType "tourn"]
[EventCountry "ESP"]
[SourceTitle "playchess.com"]
[Source "ChessBase"]
[SourceQuality "1"]

{[%evp 9,124,11,29,4,18,13,15,15,15,16,10,8,3,7,16,-8,-13,-16,0,-33,-10,0,0,-33,0,0,0,0,0,0,0,0,0,0,0,0,0,0,0,0,0,0,0,0,0,0,0,0,0,0,0,0,0,0,0,0,0,0,0,0,0,0,0,0,0,0,0,-8,-8,-8,-8,-8,-8,-8,-8,-77,-81,-90,-77,-86,-8,-8,-8,-8,-8,-8,-8,-202,-8,-8,-8,-8,-8,-8,-8,-8,-8,-8,-8,-8,-8,-8,-8,-8,-8,-8,-8,-8,-8,-8,-8,-8,-8,-8,-8,-8,0]} 1. e4 e5 2. Bc4 Nf6 3. d3 Nc6 4. a3 Be7 5. Nc3 O-O 6. f4 {C24: Bishop's Opening: 2...Nf6.} exf4 7. Bxf4 d6 8. Nf3 Be6 9. Nd5 Bxd5 10. exd5 Ne5 {[#]} 11. O-O $146 ({Predecessor:} 11. Nxe5 dxe5 12. Bxe5 Re8 13. O-O Bc5+ 14. d4 Rxe5 15. dxc5 Nxd5 16. Qd4 Qg5 17. Rae1 {½-½ (39) Popov,V (2555)-Malakhov,V (2702) St Petersburg 2015}) 11... Nfd7 12. Ba2 Nxf3+ 13. Qxf3 Bg5 14. d4 Bxf4 15. Qxf4 Nf6 16. c4 Qd7 17. Bb1 Qg4 18. Qxg4 Nxg4 19. Bd3 Rae8 20. Rfe1 Nf6 21. Kf2 g6 22. Kf3 Rxe1 23. Rxe1 Re8 24. Rxe8+ Nxe8 $11 {[%mdl 4096] Endgame KB-KN} 25. g4 h6 26. h4 Nf6 27. Kf4 Kf8 28. Be2 Ke7 29. Bf3 Nh7 30. Be4 Nf6 31. Bf3 Nd7 32. Be2 Kf6 33. Bd3 Kg7 34. Be2 Nf6 35. Bf3 Ng8 36. Be4 Ne7 37. Bd3 f6 38. h5 f5 39. hxg6 fxg4 40. Kxg4 Nxg6 41. Kf5 Kf7 42. Bc2 (42. b4 $11) 42... Ne7+ $17 43. Kg4 Kf6 44. Bd3 c6 ({Better is} 44... b6 $17) 45. dxc6 $11 Nxc6 46. Be4 $1 Nxd4 47. Bxb7 Ke5 48. Kh5 $2 {[#]} (48. b4 $11) 48... Nf5 $2 ({Black should play} 48... Nb3 $1 $19 {And now ...Na5 would win.} 49. Bd5 (49. Kxh6 Na5 $17) 49... Nd2 50. Kxh6 Kd4) 49. b4 {The position is equal.} Kd4 50. c5 dxc5 51. bxc5 Kxc5 52. Ba6 Nd6 53. Kxh6 Nb5 54. Kg5 Nxa3 (54... Kb6 $5 55. Bc8 $8 Nxa3 $11) 55. Kf4 Kd4 56. Kf3 Nc2 57. Ke2 Nb4 58. Bb5 Kc3 59. Kd1 Kb2 60. Kd2 a5 61. Bd7 Nd5 62. Bc6 Nb4 {Weighted Error Value: White=0.12/Black=0.08} 1/2-1/2

[Event "IV Closed GM BCC 2021"]
[Site "Barcelona"]
[Date "2021.04.09"]
[Round "5.2"]
[White "Garcia Ramos, Daniel"]
[Black "Gines Esteo, Pedro Antonio"]
[Result "1/2-1/2"]
[WhiteElo "2436"]
[BlackElo "2449"]
[Annotator "TA"]
[PlyCount "102"]
[EventDate "2021.04.05"]
[EventType "tourn"]
[EventCountry "ESP"]
[SourceTitle "playchess.com"]
[Source "ChessBase"]
[SourceQuality "1"]

{[%evp 9,102,-1,30,22,29,25,60,22,58,34,37,43,38,40,42,28,31,29,34,23,23,19,20,0,0,0,0,0,15,15,13,0,0,0,23,23,48,54,76,52,65,5,8,8,8,8,12,0,0,0,0,0,0,0,0,0,0,0,0,0,0,0,0,0,0,0,0,0,0,0,0,0,0,0,0,0,0,0,0,0,0,0,0,0,0,0,0,0,0,0,0,0,0,0,0]} 1. e4 c6 2. d4 d5 3. Nc3 dxe4 4. Nxe4 Bf5 5. Nc5 Qc8 6. Nf3 {B18: Classical Caro-Kann: 4...Bf5 sidelines.} Nf6 7. Bd3 {[#]} b6 $146 ({Predecessor:} 7... Bg4 8. h3 Bh5 9. Be2 Nbd7 10. Nd3 e6 11. Nf4 Bxf3 12. Bxf3 Bd6 13. Nd3 O-O 14. O-O e5 15. dxe5 Nxe5 16. Nxe5 Bxe5 17. c3 Rd8 18. Qb3 Qc7 19. Be3 Nd5 20. Bxd5 Rxd5 {½-½ (20) Godena,M (2510)-Magem Badals,J (2540) Escaldes 1998}) 8. Nb3 {White is slightly better.} (8. Bxf5 {is more complex.} Qxf5 9. Nd3 e6 10. O-O Bd6 11. Re1) 8... g6 9. O-O Bxd3 10. Qxd3 Bg7 11. Re1 e6 12. Ne5 O-O 13. Qf3 Nd5 14. Bd2 Nd7 15. c4 Ne7 16. Rad1 Nxe5 17. dxe5 c5 18. Bc3 Qc7 19. Nd2 {[%cal Bb3d2,Bd2e4,Be4f6][%mdl 32]} Rad8 20. Ne4 Nf5 21. Nf6+ Kh8 22. h3 Nd4 23. Qe4 Qe7 24. Bxd4 (24. Qh4 {keeps more tension.} h6 25. Rxd4 Rxd4 26. Bxd4 cxd4 27. Qxd4 Rd8 28. Qc3) 24... cxd4 25. Rxd4 (25. Qf4 $14) 25... Bxf6 $11 {The position is equal.} 26. exf6 Qxf6 27. Red1 Kg7 28. b4 Rxd4 29. Rxd4 {[%mdl 4096] Endgame KQR-KQR} Rc8 30. Rd7 Qc3 31. Qf4 ({Much worse is} 31. Rxa7 Rxc4 32. Qe2 Rxb4 $17) 31... Qf6 32. Qe4 Qc3 33. Qf4 ({Much weaker is} 33. Rxa7 Rxc4 34. Qe3 Qxe3 $17) 33... Qa1+ 34. Kh2 Qf6 35. Qxf6+ Kxf6 36. Rxa7 Rxc4 {KR-KR} 37. a3 g5 38. g4 Rc3 39. Kg2 Kg6 40. Ra6 h5 41. a4 Ra3 42. a5 bxa5 43. bxa5 h4 44. Ra8 Kf6 45. a6 Ke5 46. Ra7 f6 47. Ra8 Kf4 48. Rf8 Ke5 49. Ra8 Kf4 50. Rf8 f5 51. Rf6 Rxa6 {Weighted Error Value: White=0.06/Black=0.05} 1/2-1/2